[Event "IND-ch U13 Girls 31st"]
[Site "Jalandhar"]
[Date "2017.06.22"]
[Round "2"]
[White "Swara, Hetal Shah"]
[Black "Routray, Priyanka"]
[Result "1/2-1/2"]
[WhiteElo "1276"]
[BlackElo "1605"]
[PlyCount "91"]
[EventDate "2017.06.21"]
[EventType "swiss"]
[EventRounds "11"]
[EventCountry "IND"]
[SourceTitle "CBM 179 Extra"]
[Source "ChessBase"]
[SourceDate "2017.08.23"]
[SourceVersion "1"]
[SourceVersionDate "2017.08.23"]
[SourceQuality "1"]

1. e4 e5 2. Bc4 Nf6 3. d3 h6 4. Nf3 Nc6 5. a3 d6 6. h3 Be7 7. Nc3 Be6 8. Bxe6 fxe6 9. 0-0 0-0 10. d4 exd4 11. Nxd4 Nxd4 12. Qxd4 Kh8 13. Be3 e5 14. Qd2 Nh7 15. Nd5 Bg5 16. f4 exf4 17. Nxf4 Bxf4 18. Bxf4 Qe7 19. Qd4 Nf6 20. e5 dxe5 21. Bxe5 Rad8 22. Bxf6 Rxf6 23. Qxa7 Rxf1+ 24. Rxf1 b6 25. b4 Qe3+ 26. Kh2 Qe5+ 27. Kg1 Qd4+ 28. Kh2 Qc4 29. Rf3 Qc6 30. Qa6 Qd6+ 31. Kg1 Qd1+ 32. Qf1 Qxc2 33. Rf8+ Rxf8 34. Qxf8+ Kh7 35. Qf3 c5 36. bxc5 bxc5 37. Kh2 c4 38. Kg3 c3 39. a4 Qg6+ 40. Kf2 Qb6+ 41. Qe3 Qb2+ 42. Qe2 h5 43. a5 c2 44. Qxh5+ Kg8 45. Qe8+ Kh7 46. Qh5+ 1/2-1/2